|
|
|
|
| LEADER |
00000nam0a2200000 4500 |
| 001 |
186129 |
| 005 |
20231101223948.0 |
| 035 |
|
|
|a (RuTPU)RU\TPU\book\201953
|
| 035 |
|
|
|a RU\TPU\book\201606
|
| 090 |
|
|
|a 186129
|
| 100 |
|
|
|a 20101025d1908 km y0rusy50 ca
|
| 101 |
0 |
|
|a rus
|
| 102 |
|
|
|a RU
|
| 105 |
|
|
|a a j 000zy
|
| 200 |
1 |
|
|a Дифференциальное и интегральное исчисление
|h Ч. 2
|i Лекции II семестра 1907-1908 г.
|f Ф. (Т.) Э. Молин
|g Томский технологический институт (ТТИ) ; сост. Е. Андреев
|
| 210 |
|
|
|a Томск
|d 1908
|
| 215 |
|
|
|a 203 с.
|c ил.
|
| 300 |
|
|
|a Литограф. изд.
|
| 300 |
|
|
|a Текст в русской дореформенной орфографии
|
| 316 |
|
|
|5 63413507: 2//591
|a На с. 1 утрата надписи
|
| 316 |
|
|
|5 63413507: 2//591
|a Пометы в тексте
|
| 316 |
|
|
|5 63413507: 2//591
|a На нахзаце рисунки карандашом
|
| 606 |
1 |
|
|a Дифференциальное исчисление
|2 stltpush
|3 (RuTPU)RU\TPU\subj\9686
|9 36870
|
| 606 |
1 |
|
|a Интегральное исчисление
|2 stltpush
|3 (RuTPU)RU\TPU\subj\12773
|9 39494
|
| 610 |
1 |
|
|a дифференциальные уравнения
|
| 610 |
1 |
|
|a интегральные уравнения
|
| 610 |
1 |
|
|a учебные пособия
|
| 610 |
1 |
|
|a функции
|
| 610 |
1 |
|
|a труды учёных ТПУ
|
| 610 |
1 |
|
|a коллекция ТПУ
|
| 610 |
1 |
|
|a владельческие знаки
|
| 675 |
|
|
|a 517.2(075.8)
|v 3
|
| 675 |
|
|
|a 517.3(075.8)
|v 3
|
| 700 |
|
1 |
|a Молин
|b Ф. (Т.) Э.
|c российский математик
|c профессор Томского технологического института (1900-1941)
|f 1861-1941
|g Федор (Теодор) Эдуардович
|2 stltpush
|3 (RuTPU)RU\TPU\pers\21843
|
| 702 |
|
1 |
|a Андреев
|b Е.
|4 220
|
| 712 |
0 |
2 |
|a Томский технологический институт (ТТИ)
|c (1896-1923)
|2 stltpush
|3 (RuTPU)RU\TPU\col\9244
|
| 801 |
|
1 |
|a RU
|b 63413507
|c 20101015
|
| 801 |
|
2 |
|a RU
|b 63413507
|c 20201124
|g RCR
|
| 942 |
|
|
|c BK
|